| 000 | 00839nam a22002535a 4500 | ||
|---|---|---|---|
| 003 | OSt | ||
| 005 | 20170223150709.0 | ||
| 008 | 170223s2015 ua frb 000 0 ara d | ||
| 015 | _a2015 / 26484 | ||
| 020 | _a9789770479698 | ||
| 040 |
_aEG-ScBUE _bara _cEG-ScBUE |
||
| 043 | _af-ua--- | ||
| 082 | 0 | 4 |
_a347.6209 _bح ج ر _222 |
| 100 | 1 | _aحجر، أيمن سيد خليل. | |
| 245 | 1 | 0 | _aموسوعة ابن حجر في التحكيم. |
| 260 |
_aالقاهرة : _bدار النهضة العربية، _c2015. |
||
| 300 |
_a555 ص. ؛ _c24 سم. |
||
| 504 | _aيشتمل على إرجاعات ببليوجرافية. | ||
| 650 | 7 |
_aالتحكيم (قانون المرافعات) _zمصر. _2BUEsh |
|
| 650 | 7 |
_aالتحكيم القضائي _zمصر. _2BUEsh |
|
| 651 | _2BUEsh | ||
| 653 |
_bLLAAWW _cFebruary2017 |
||
| 942 | _2ddc | ||
| 999 |
_c24242 _d24214 |
||